[Event "Titled Tuesday intern op 12th Mar Early"]
[Site "Chess.com INT"]
[Date "2024.03.12"]
[Round "4"]
[White "Golubovic, Erik"]
[Black "Flis, Pawel"]
[Result "0-1"]
[WhiteElo "2096"]
[BlackElo "1956"]
[PlyCount "54"]
[EventDate "2024.03.12"]
[EventType "swiss (blitz)"]
[EventRounds "11"]
[EventCountry "USA"]
[SourceTitle "CB12_2024"]
[SourceDate "2023.10.01"]
[SourceVersion "1"]
[SourceVersionDate "2023.10.01"]
[SourceQuality "1"]

1. d4 c5 2. d5 f5 3. Nc3 Nf6 4. Bg5 Qb6 5. Qd2 h6 6. Bxf6 Qxf6 7. 0-0-0 d6 8. e4 g5 9. exf5 Bxf5 10. Nge2 Bg7 11. Ng3 Bg6 12. Bd3 0-0 13. Bxg6 Qxg6 14. f3 Nd7 15. Rhe1 Ne5 16. Kb1 b5 17. h4 gxh4 18. Nge4 b4 19. Ne2 Nc4 20. Qd3 Nxb2 21. Qe3 Nc4 22. Qb3 Na3+ 23. Kc1 a5 24. Qa4 Qf5 25. Kd2 Qxd5+ 26. Kc1 Qxa2 27. Qd7 Qxc2# 0-1

[Event "Titled Tuesday intern op 12th Mar Early"]
[Site "Chess.com INT"]
[Date "2024.03.12"]
[Round "10"]
[White "Schut, Han"]
[Black "Flis, Pawel"]
[Result "1-0"]
[WhiteElo "2091"]
[BlackElo "1956"]
[PlyCount "143"]
[EventDate "2024.03.12"]
[EventType "swiss (blitz)"]
[EventRounds "11"]
[EventCountry "USA"]
[SourceTitle "CB12_2024"]
[SourceDate "2023.10.01"]
[SourceVersion "1"]
[SourceVersionDate "2023.10.01"]
[SourceQuality "1"]

1. e4 c5 2. Nf3 d6 3. d4 Nf6 4. dxc5 Nxe4 5. cxd6 Nc6 6. Bd3 Nxd6 7. 0-0 Bf5 8. Bf4 e6 9. Bxd6 Bxd3 10. Qxd3 Qxd6 11. Qb5 Qc7 12. Nc3 a6 13. Qa4 Be7 14. Rad1 0-0 15. a3 b5 16. Qg4 Rfd8 17. Qh5 Rxd1 18. Rxd1 Rd8 19. Rxd8+ Qxd8 20. h3 Nd4 21. Nxd4 Qxd4 22. Qd1 Bf6 23. Qxd4 Bxd4 24. Nd1 Kf8 25. c3 Bf6 26. Kf1 Ke7 27. Ke2 Kd6 28. Kd3 Bg5 29. c4 bxc4+ 30. Kxc4 Bc1 31. a4 Kc6 32. b4 e5 33. f3 f5 34. Nc3 Bd2 35. b5+ axb5+ 36. axb5+ Kb7 37. Nd5 g6 38. g4 fxg4 39. fxg4 h5 40. Kd3 Be1 41. Ke4 Bg3 42. Ne7 hxg4 43. hxg4 g5 44. Nd5 Bf4 45. Kf5 Kb8 46. Nf6 Kb7 47. Ne4 Kb6 48. Nxg5 Kxb5 49. Ne6 Kc6 50. Nxf4 exf4 51. Kxf4 Kd6 52. Kg5 Ke7 53. Kg6 Kf8 54. g5 Kg8 55. Kh6 Kh8 56. g6 Kg8 57. g7 Kf7 58. Kh7 Kf6 59. g8Q Ke5 60. Qg4 Kd5 61. Kg6 Ke5 62. Kg5 Kd5 63. Qf4 Ke6 64. Qe4+ Kd6 65. Kf6 Kd7 66. Qd5+ Kc7 67. Ke7 Kb6 68. Qc4 Ka5 69. Qb3 Ka6 70. Kd6 Ka7 71. Kc7 Ka8 72. Qb8# 1-0

[Event "WchT Seniors 50"]
[Site "Struga"]
[Date "2023.09.24"]
[Round "6.3"]
[White "Flis, Pawel"]
[Black "Frostick, Clive A"]
[Result "1/2-1/2"]
[WhiteElo "1948"]
[BlackElo "2112"]
[PlyCount "112"]
[EventDate "2023.09.19"]
[EventType "team-swiss"]
[EventRounds "9"]
[EventCountry "MKD"]
[SourceTitle "EXT 2024"]
[Source "ChessBase"]
[SourceDate "2023.10.10"]
[SourceVersion "1"]
[SourceVersionDate "2023.10.10"]
[SourceQuality "1"]
[WhiteTeam "Poland 50"]
[BlackTeam "England 50 III"]
[WhiteTeamCountry "POL"]
[BlackTeamCountry "ENG"]

1. e4 c5 2. Nf3 Nc6 3. d4 cxd4 4. Nxd4 e5 5. Nb5 d6 6. N1c3 a6 7. Na3 Be7 8. Nc4 b5 9. Ne3 Nf6 10. Ned5 Nxd5 11. Nxd5 0-0 12. Be3 Be6 13. c3 Rb8 14. Be2 Bg5 15. Qd2 Bxe3 16. Nxe3 Qc7 17. 0-0 Rfd8 18. Rfd1 Ne7 19. Bf3 a5 20. h3 h6 21. Bg4 Qc6 22. Bf3 Rb6 23. Kh2 Qc7 24. Qe2 d5 25. Kg1 dxe4 26. Bxe4 Rxd1+ 27. Rxd1 Bxa2 28. Ra1 Be6 29. Rxa5 f5 30. Bd3 b4 31. Bc4 bxc3 32. Bxe6+ Rxe6 33. Ra8+ Kh7 34. bxc3 Qxc3 35. Qb5 f4 36. Nf1 e4 37. Qe8 Qf6 38. Qh8+ Kg6 39. Nh2 e3 40. fxe3 fxe3 41. Nf3 e2 42. Qe8+ Qf7 43. Qxf7+ Kxf7 44. Kf2 Nd5 45. Ra5 Nb4 46. Ne1 g5 47. g3 Kg6 48. Rb5 Nc6 49. Rd5 Ne7 50. Rd2 Nf5 51. g4 Ne7 52. Rxe2 Rf6+ 53. Kg3 Nd5 54. Nd3 Ra6 55. Re5 Nf6 56. Re3 Nd5 1/2-1/2

[Event "WchT Seniors 50"]
[Site "Struga"]
[Date "2023.09.22"]
[Round "4.3"]
[White "Flis, Pawel"]
[Black "Podlesnik, Bogdan"]
[Result "0-1"]
[WhiteElo "1948"]
[BlackElo "2289"]
[PlyCount "102"]
[EventDate "2023.09.19"]
[EventType "team-swiss"]
[EventRounds "9"]
[EventCountry "MKD"]
[SourceTitle "EXT 2024"]
[Source "ChessBase"]
[SourceDate "2023.10.10"]
[SourceVersion "1"]
[SourceVersionDate "2023.10.10"]
[SourceQuality "1"]
[WhiteTeam "Poland 50"]
[BlackTeam "Montenegro 50"]
[WhiteTeamCountry "POL"]
[BlackTeamCountry "MNE"]

1. e4 c5 2. Nf3 Nc6 3. d4 cxd4 4. Nxd4 Nf6 5. Nc3 e6 6. Ndb5 Bc5 7. Bf4 0-0 8. Bd6 Bxd6 9. Nxd6 Ne8 10. Be2 Nxd6 11. Qxd6 Qb6 12. 0-0-0 Qxf2 13. Kb1 a6 14. Rhf1 Qh4 15. Bd3 Qe7 16. Qg3 d6 17. h4 Ne5 18. h5 h6 19. Ne2 Bd7 20. Nd4 Rac8 21. Nf3 Rc5 22. Nxe5 Rxe5 23. Be2 Bc6 24. Bf3 Bxe4 25. Bxe4 Rxe4 26. Rxd6 f5 27. Rfd1 Qg5 28. Qb3 Rf7 29. Rxe6 Qxh5 30. Rd8+ Kh7 31. a3 Rxe6 32. Qxe6 f4 33. Qe8 Qf5 34. Qg8+ Kg6 35. Rd6+ Rf6 36. Rd3 Qe6 37. Qb8 Qe1+ 38. Ka2 Qe4 39. Rf3 Qc4+ 40. Rb3 b5 41. Qe8+ Kh7 42. Qd7 Qxc2 43. Rc3 Qxg2 44. Qd3+ Qg6 45. Qf3 Qf7+ 46. Kb1 Re6 47. Qf2 Qf5+ 48. Ka2 Qd5+ 49. Kb1 Qe4+ 50. Ka2 Rf6 51. Rf3 a5 0-1

[Event "POL-chT 2nd League"]
[Site "Jastrzebia Gora"]
[Date "2023.09.08"]
[Round "7.46"]
[White "Flis, Pawel"]
[Black "Swiatnicki, Andrzej"]
[Result "0-1"]
[WhiteElo "1948"]
[BlackElo "2016"]
[PlyCount "109"]
[EventDate "2023.09.02"]
[EventType "team-swiss"]
[EventRounds "9"]
[EventCountry "POL"]
[SourceTitle "EXT 2024"]
[Source "ChessBase"]
[SourceDate "2023.10.10"]
[SourceVersion "1"]
[SourceVersionDate "2023.10.10"]
[SourceQuality "1"]
[WhiteTeam "Lodz Okucia Budowlane"]
[BlackTeam "Konin Hetman"]
[WhiteTeamCountry "POL"]
[BlackTeamCountry "POL"]

1. e4 e5 2. Nf3 Nc6 3. Bc4 Nf6 4. d4 exd4 5. e5 Ne4 6. Qe2 Nc5 7. 0-0 Be7 8. Rd1 Ne6 9. c3 d5 10. exd6 Qxd6 11. cxd4 Ncxd4 12. Nxd4 Nxd4 13. Qe4 c5 14. Bf4 Qg6 15. Qe3 Bg4 16. Re1 Be6 17. Bd3 Qh5 18. Be5 Bf6 19. Bxf6 gxf6 20. Nd2 Rg8 21. Kh1 Qg4 22. Be4 f5 23. Bf3 Nxf3 24. Qxf3 Rd8 25. Qxg4 Rxg4 26. Nf3 Re4 27. h3 h6 28. Kg1 Ke7 29. b3 Kf6 30. Rac1 b6 31. Kf1 a5 32. Red1 Rxd1+ 33. Rxd1 c4 34. Rd6 cxb3 35. axb3 Rb4 36. Nd2 Ke7 37. Rd3 b5 38. Ke2 a4 39. bxa4 Rxa4 40. Kd1 Ra1+ 41. Kc2 f4 42. Rd4 Rg1 43. Rxf4 Rxg2 44. h4 Rg4 45. Rxg4 Bxg4 46. Kc3 Ke6 47. Kd4 Bd1 48. Ke4 b4 49. Nc4 b3 50. Nb2 Bc2+ 51. Kf4 Bg6 52. Ke3 Kd5 53. f3 Bc2 54. Na4 Kc4 55. Kd2 0-1

[Event "POL-chT 2nd League"]
[Site "Jastrzebia Gora"]
[Date "2023.09.04"]
[Round "3.4"]
[White "Komendecki, Antoni"]
[Black "Flis, Pawel"]
[Result "1/2-1/2"]
[WhiteElo "1951"]
[BlackElo "1948"]
[PlyCount "83"]
[EventDate "2023.09.02"]
[EventType "team-swiss"]
[EventRounds "9"]
[EventCountry "POL"]
[SourceTitle "EXT 2024"]
[Source "ChessBase"]
[SourceDate "2023.10.10"]
[SourceVersion "1"]
[SourceVersionDate "2023.10.10"]
[SourceQuality "1"]
[WhiteTeam "Legnica Miedz"]
[BlackTeam "Lodz Okucia Budowlane"]
[WhiteTeamCountry "POL"]
[BlackTeamCountry "POL"]

1. e4 e5 2. Nf3 Nc6 3. Bb5 a6 4. Ba4 Nf6 5. 0-0 Be7 6. Re1 b5 7. Bb3 0-0 8. c3 d6 9. h3 Na5 10. Bc2 c5 11. d4 Nd7 12. Nbd2 cxd4 13. cxd4 Nc6 14. Nf1 Bf6 15. Be3 Nb6 16. dxe5 Nxe5 17. Nxe5 Bxe5 18. Bd4 Be6 19. Ne3 Nc4 20. Nxc4 Bxc4 21. Qd2 Qf6 22. Red1 Rac8 23. Bb3 h6 24. Bxe5 dxe5 25. Qd6 Qf4 26. Qxa6 Bxb3 27. axb3 Rc2 28. Rf1 Rd8 29. Qxb5 Rdd2 30. Qb6 Rxb2 31. Rae1 Rd3 32. b4 Rdb3 33. Qc6 Rxb4 34. Qc8+ Kh7 35. Qf5+ Qxf5 36. exf5 f6 37. g3 R4b3 38. Kg2 h5 39. h4 Rd3 40. Rd1 Rdd2 41. Rxd2 Rxd2 42. Kf3 1/2-1/2

[Event "Titled Tuesday intern op 22nd Aug Early"]
[Site "Chess.com INT"]
[Date "2023.08.22"]
[Round "6"]
[White "Flis, Pawel"]
[Black "Buscar, Michael"]
[Result "0-1"]
[WhiteElo "1945"]
[BlackElo "2041"]
[PlyCount "104"]
[EventDate "2023.08.22"]
[EventType "swiss (blitz)"]
[EventRounds "11"]
[EventCountry "USA"]
[SourceTitle "EXT 2024"]
[Source "ChessBase"]
[SourceDate "2023.10.10"]
[SourceVersion "1"]
[SourceVersionDate "2023.10.10"]
[SourceQuality "1"]

1. e4 c5 2. Nf3 Nc6 3. d4 cxd4 4. Nxd4 Nf6 5. Nc3 e5 6. Ndb5 h6 7. Bc4 d6 8. a4 Be6 9. Bxe6 fxe6 10. 0-0 Be7 11. f4 exf4 12. Bxf4 e5 13. Be3 0-0 14. Nd5 Nxe4 15. Nbc7 Rc8 16. Ne6 Rxf1+ 17. Qxf1 Qd7 18. Qf5 Ng5 19. Qg6 Qxe6 20. Nxe7+ Nxe7 21. Qxe6+ Nxe6 22. c3 a6 23. Rd1 d5 24. g3 Rc4 25. a5 Re4 26. Kf2 d4 27. cxd4 exd4 28. Bc1 Nd5 29. Kf3 Re5 30. Bd2 Kf7 31. Rc1 Ke7 32. Rc8 Kd7 33. Rb8 Kc7 34. Rg8 Ne7 35. Re8 Nc6 36. b4 Ng5+ 37. Kg4 Rxe8 38. h4 Ne4 39. Bf4+ Kd7 40. Kf5 d3 41. Kg6 d2 42. Bxd2 Nxd2 43. g4 Re7 44. g5 hxg5 45. hxg5 Nxb4 46. Kh7 Nc6 47. g6 Nxa5 48. Kg8 Nc6 49. Kh7 Ne5 50. Kh8 Ne4 51. Kh7 Nf6+ 52. Kh8 Nxg6# 0-1

[Event "Titled Tuesday intern op 22nd Aug Early"]
[Site "Chess.com INT"]
[Date "2023.08.22"]
[Round "9"]
[White "Flis, Pawel"]
[Black "Wang, Alexander J"]
[Result "1-0"]
[WhiteElo "1945"]
[BlackElo "1841"]
[PlyCount "71"]
[EventDate "2023.08.22"]
[EventType "swiss (blitz)"]
[EventRounds "11"]
[EventCountry "USA"]
[SourceTitle "EXT 2024"]
[Source "ChessBase"]
[SourceDate "2023.10.10"]
[SourceVersion "1"]
[SourceVersionDate "2023.10.10"]
[SourceQuality "1"]

1. e4 c5 2. Nf3 d6 3. d4 cxd4 4. Nxd4 Nf6 5. Nc3 g6 6. Be3 Bg7 7. f3 0-0 8. Qd2 Nc6 9. Bc4 Bd7 10. 0-0-0 Ne5 11. Bb3 Rc8 12. Kb1 Nc4 13. Bxc4 Rxc4 14. Nde2 b5 15. Bh6 a5 16. Bxg7 Kxg7 17. h4 h5 18. g3 b4 19. Nd5 Nxd5 20. exd5 Qc7 21. Nd4 Rc8 22. Rh2 a4 23. g4 hxg4 24. h5 Rh8 25. hxg6 Rxh2 26. Qxh2 fxg6 27. Qd2 b3 28. axb3 axb3 29. cxb3 Rc5 30. Rh1 Rxd5 31. Qh6+ Kf6 32. Qh8+ Kg5 33. f4+ Kxf4 34. Rf1+ Kg3 35. Ne2+ Kg2 36. Qh1# 1-0

[Event "EU-chT Seniors 50"]
[Site "Swidnica"]
[Date "2023.07.19"]
[Round "8.3"]
[White "Dobrotka, Martin"]
[Black "Flis, Pawel"]
[Result "1/2-1/2"]
[WhiteElo "2210"]
[BlackElo "1916"]
[PlyCount "45"]
[EventDate "2023.07.12"]
[EventType "team-tourn"]
[EventRounds "9"]
[EventCountry "POL"]
[SourceTitle "CBM 215 Extra"]
[Source "ChessBase"]
[SourceDate "2023.09.30"]
[SourceVersion "1"]
[SourceVersionDate "2023.09.30"]
[SourceQuality "1"]
[WhiteTeam "Slovakia 50"]
[BlackTeam "Poland Amateurs 50"]
[WhiteTeamCountry "SVK"]
[BlackTeamCountry "POL"]

1. Nf3 c5 2. c4 Nf6 3. g3 g6 4. Bg2 Bg7 5. 0-0 0-0 6. Nc3 d6 7. d4 Nc6 8. dxc5 dxc5 9. Qxd8 Rxd8 10. Be3 Be6 11. Bxc5 Bxc4 12. Rfe1 h6 13. h3 Nd5 14. Nxd5 Bxd5 15. Ba3 Rd7 16. Nh2 Bxg2 17. Kxg2 Rad8 18. Rac1 Nd4 19. b3 e6 20. Bc5 b6 21. Bxd4 Bxd4 22. Nf3 Bf6 23. Rc2 1/2-1/2

[Event "EU-chT Seniors 50"]
[Site "Swidnica"]
[Date "2023.07.13"]
[Round "2.2"]
[White "Flis, Pawel"]
[Black "Stec, Czeslaw"]
[Result "1/2-1/2"]
[WhiteElo "1916"]
[BlackElo "1653"]
[PlyCount "76"]
[EventDate "2023.07.12"]
[EventType "team-tourn"]
[EventRounds "9"]
[EventCountry "POL"]
[SourceTitle "CBM 215 Extra"]
[Source "ChessBase"]
[SourceDate "2023.09.30"]
[SourceVersion "1"]
[SourceVersionDate "2023.09.30"]
[SourceQuality "1"]
[WhiteTeam "Poland Amateurs 50"]
[BlackTeam "Swidnica 50"]
[WhiteTeamCountry "POL"]
[BlackTeamCountry "POL"]

1. c4 Nf6 2. Nc3 e6 3. g3 d5 4. Bg2 d4 5. Ne4 Be7 6. d3 0-0 7. Nxf6+ Bxf6 8. Nf3 c5 9. b4 cxb4 10. a3 Nc6 11. axb4 Nxb4 12. Ba3 Be7 13. Qb3 a5 14. 0-0 Rb8 15. Rfb1 Bc5 16. Ne1 b6 17. Nc2 Nxc2 18. Qxc2 Bxa3 19. Rxa3 Bd7 20. h4 Qc7 21. Qb2 b5 22. cxb5 Rxb5 23. Rb3 Rfb8 24. Qa3 Rxb3 25. Rxb3 Rxb3 26. Qxb3 g6 27. Qa3 h5 28. Bf3 a4 29. Kh2 Qc3 30. Qd6 a3 31. Qxd7 a2 32. Bxh5 Qe1 33. Qd8+ Kh7 34. Bxg6+ Kxg6 35. Qg8+ Kh6 36. Qh8+ Kg6 37. Qg8+ Kh6 38. Qh8+ Kg6 1/2-1/2

[Event "Titled Tuesday intern op 27th Jun Early"]
[Site "Chess.com INT"]
[Date "2023.06.27"]
[Round "1"]
[White "Mortazavi, Ali"]
[Black "Flis, Pawel"]
[Result "1-0"]
[WhiteElo "2333"]
[BlackElo "1885"]
[PlyCount "75"]
[EventDate "2023.06.27"]
[EventType "swiss (blitz)"]
[EventRounds "11"]
[EventCountry "USA"]
[SourceTitle "EXT 2024"]
[Source "ChessBase"]
[SourceDate "2023.10.10"]
[SourceVersion "1"]
[SourceVersionDate "2023.10.10"]
[SourceQuality "1"]

1. Nf3 Nf6 2. g3 g6 3. Bg2 Bg7 4. 0-0 0-0 5. d3 d6 6. e4 c5 7. e5 dxe5 8. Nxe5 Nbd7 9. Nxd7 Qxd7 10. Nc3 Rb8 11. a4 b6 12. Bf4 Bb7 13. Bxb8 Bxg2 14. Kxg2 Rxb8 15. Qf3 e6 16. Rfe1 h5 17. h3 Nd5 18. Nxd5 exd5 19. c3 a6 20. Re2 Re8 21. Rxe8+ Qxe8 22. Qxd5 Qe2 23. Qf3 Qxb2 24. Re1 Bf8 25. Re8 Kg7 26. Qa8 Bd6 27. Qd8 Bxg3 28. Rg8+ Kh6 29. Rh8+ Kg7 30. Qf8+ Kf6 31. Kxg3 Qxc3 32. Qd8+ Kg7 33. Re8 Kh6 34. h4 g5 35. Qxg5+ Kh7 36. Qxh5+ Kg7 37. Qh8+ Kg6 38. Qxc3 1-0

[Event "Titled Tuesday intern op 27th Jun Early"]
[Site "Chess.com INT"]
[Date "2023.06.27"]
[Round "9"]
[White "Pein, Jonathan"]
[Black "Flis, Pawel"]
[Result "1-0"]
[WhiteElo "2276"]
[BlackElo "1885"]
[PlyCount "131"]
[EventDate "2023.06.27"]
[EventType "swiss (blitz)"]
[EventRounds "11"]
[EventCountry "USA"]
[SourceTitle "EXT 2024"]
[Source "ChessBase"]
[SourceDate "2023.10.10"]
[SourceVersion "1"]
[SourceVersionDate "2023.10.10"]
[SourceQuality "1"]

1. Nf3 Nf6 2. e3 g6 3. c4 Bg7 4. b3 0-0 5. Bb2 d5 6. cxd5 Nxd5 7. Bxg7 Kxg7 8. Be2 c5 9. 0-0 Nc6 10. d4 cxd4 11. Nxd4 Nf6 12. Nxc6 bxc6 13. Nc3 Bf5 14. Rc1 Qa5 15. Na4 Rfd8 16. Qe1 Qxe1 17. Rfxe1 Rd2 18. a3 Bd7 19. Red1 Rxd1+ 20. Rxd1 Be8 21. Nc5 Nd5 22. Bc4 e6 23. e4 Nf6 24. f3 Kf8 25. Kf2 Ke7 26. g4 Rd8 27. Rxd8 Kxd8 28. h4 h5 29. g5 Ng8 30. Ke3 Ne7 31. Kd4 Nc8 32. Ke5 Ke7 33. Ba6 Nd6 34. a4 Bd7 35. b4 Bc8 36. Bd3 Bd7 37. f4 Nc8 38. Nb7 Nb6 39. Nc5 Nc8 40. Nb7 Nb6 41. Bc2 Nc4+ 42. Kd4 Nd2 43. Bd1 Nf1 44. Nc5 Nh2 45. Ke3 Ng4+ 46. Bxg4 hxg4 47. e5 Bc8 48. Kf2 Kd8 49. a5 Kc7 50. Kg3 Kd8 51. Kxg4 Ke7 52. h5 gxh5+ 53. Kxh5 Kf8 54. Kh6 Kg8 55. g6 fxg6 56. Kxg6 Kf8 57. Kf6 Ke8 58. Nxe6 Kd7 59. Nc5+ Ke8 60. f5 a6 61. e6 Kf8 62. Ke5 Ke8 63. f6 Bxe6 64. Kxe6 Kf8 65. f7 Kg7 66. Ne4 1-0

[Event "Titled Tuesday intern op 06th Jun Early"]
[Site "Chess.com INT"]
[Date "2023.06.06"]
[Round "8"]
[White "Flis, Pawel"]
[Black "Skiadopoulos, Nikolaos"]
[Result "1/2-1/2"]
[WhiteElo "1885"]
[BlackElo "1896"]
[PlyCount "68"]
[EventDate "2023.06.06"]
[EventType "swiss (blitz)"]
[EventRounds "11"]
[EventCountry "USA"]
[SourceTitle "EXT 2024"]
[Source "ChessBase"]
[SourceDate "2023.10.10"]
[SourceVersion "1"]
[SourceVersionDate "2023.10.10"]
[SourceQuality "1"]

1. e4 c5 2. Nf3 Nc6 3. d4 cxd4 4. Nxd4 e5 5. Nb5 d6 6. N1c3 a6 7. Na3 b5 8. Nd5 Nce7 9. c4 Nxd5 10. cxd5 Be7 11. Bd3 Bg5 12. 0-0 Nh6 13. Nc2 0-0 14. Nb4 Bd7 15. Bd2 Rc8 16. Nxa6 Bxd2 17. Qxd2 Ng4 18. h3 Nh6 19. Rac1 Qh4 20. Qe3 f5 21. exf5 Nxf5 22. Bxf5 Bxf5 23. Rxc8 Rxc8 24. Rc1 Rc4 25. b3 Rxc1+ 26. Qxc1 Qd4 27. Qc6 h6 28. Nc7 Qd1+ 29. Kh2 Qd2 30. Qxd6 Qf4+ 31. Kg1 Qc1+ 32. Kh2 Qf4+ 33. Kh1 Qc1+ 34. Kh2 Qf4+ 1/2-1/2

[Event "Titled Tuesday intern op 06th Jun Early"]
[Site "Chess.com INT"]
[Date "2023.06.06"]
[Round "7"]
[White "Kuzmin, Ilya"]
[Black "Flis, Pawel"]
[Result "1-0"]
[WhiteElo "2113"]
[BlackElo "1885"]
[PlyCount "137"]
[EventDate "2023.06.06"]
[EventType "swiss (blitz)"]
[EventRounds "11"]
[EventCountry "USA"]
[SourceTitle "EXT 2024"]
[Source "ChessBase"]
[SourceDate "2023.10.10"]
[SourceVersion "1"]
[SourceVersionDate "2023.10.10"]
[SourceQuality "1"]

1. d4 c5 2. d5 Nf6 3. c4 b5 4. a4 bxc4 5. Nc3 e6 6. e4 exd5 7. e5 d4 8. exf6 dxc3 9. Qe2+ Be7 10. Qxe7+ Qxe7+ 11. fxe7 Kxe7 12. bxc3 d5 13. Be3 Kd6 14. 0-0-0 Be6 15. Bxc4 Nc6 16. Ne2 Ke5 17. Bf4+ Kf6 18. Bxd5 Bxd5 19. Rxd5 Na5 20. Kc2 Rac8 21. Rhd1 Rhe8 22. Ng3 g6 23. f3 Nc4 24. Ne4+ Kg7 25. Rd7 Ne5 26. Bxe5+ Rxe5 27. Rxf7+ Kxf7 28. Nd6+ Kf6 29. Nxc8 Re2+ 30. Rd2 Re8 31. Nxa7 Ra8 32. Rd7 h5 33. a5 Ke6 34. Rb7 g5 35. Kb3 Kd5 36. c4+ Kd4 37. Nc6+ Ke3 38. Ra7 Rc8 39. Ne5 Re8 40. Nd7 Kf2 41. Nxc5 Kxg2 42. Rg7 Re5 43. Kb4 Kxf3 44. a6 g4 45. a7 Re8 46. Kb5 h4 47. Kb6 g3 48. hxg3 hxg3 49. Nd3 Re6+ 50. Kb7 Re8 51. a8Q Rxa8 52. Kxa8 Ke3 53. Nb4 Kf2 54. c5 g2 55. Rxg2+ Kxg2 56. c6 Kf3 57. c7 Ke4 58. c8Q Ke5 59. Qc6 Kd4 60. Kb7 Ke3 61. Kb6 Kf4 62. Kc5 Kg5 63. Qe6 Kf4 64. Kd4 Kg5 65. Qf7 Kh4 66. Ke4 Kh3 67. Qg7 Kh2 68. Kf3 Kh1 69. Qg2# 1-0

[Event "Titled Tuesday intern op 06th Jun Early"]
[Site "Chess.com INT"]
[Date "2023.06.06"]
[Round "11"]
[White "Todorovic, Bojan"]
[Black "Flis, Pawel"]
[Result "0-1"]
[WhiteElo "2195"]
[BlackElo "1885"]
[PlyCount "92"]
[EventDate "2023.06.06"]
[EventType "swiss (blitz)"]
[EventRounds "11"]
[EventCountry "USA"]
[SourceTitle "EXT 2024"]
[Source "ChessBase"]
[SourceDate "2023.10.10"]
[SourceVersion "1"]
[SourceVersionDate "2023.10.10"]
[SourceQuality "1"]

1. d4 c5 2. d5 Nf6 3. Nc3 e6 4. e4 d6 5. Bb5+ Bd7 6. a4 exd5 7. exd5 Be7 8. Nf3 0-0 9. Bxd7 Qxd7 10. 0-0 Na6 11. h3 Nb4 12. Re1 Rfe8 13. Bg5 Qf5 14. g4 Qxc2 15. Rc1 Qxb2 16. Re2 Qa3 17. Qd2 Nbxd5 18. Nxd5 Nxd5 19. Qxd5 Bxg5 20. Rce1 Rxe2 21. Rxe2 Bf6 22. g5 Bd4 23. Re7 Rf8 24. Nxd4 Qa1+ 25. Kg2 Qxd4 26. Qxd4 cxd4 27. Rxb7 Rd8 28. Rxa7 d3 29. Kf3 d5 30. Ke3 d4+ 31. Kxd3 g6 32. f4 Kf8 33. Rb7 Ra8 34. Rb4 Ra5 35. Rxd4 Ke7 36. Kc3 Ke6 37. Kb4 Ra8 38. a5 Kf5 39. Ka4 f6 40. gxf6 Kxf6 41. Rd5 Ke6 42. Rb5 Kd6 43. Kb4 Kc6 44. Rb6+ Kd5 45. Kb5 Ke4 46. a6 Kxf4 0-1

[Event "Titled Tuesday intern op 30th May Early"]
[Site "Chess.com INT"]
[Date "2023.05.30"]
[Round "1"]
[White "Mizzi, Jack"]
[Black "Flis, Pawel"]
[Result "1-0"]
[WhiteElo "1986"]
[BlackElo "1879"]
[PlyCount "89"]
[EventDate "2023.05.30"]
[EventType "swiss (blitz)"]
[EventRounds "11"]
[EventCountry "USA"]
[SourceTitle "CBM 214 Extra"]
[Source "ChessBase"]
[SourceDate "2023.07.31"]
[SourceVersion "1"]
[SourceVersionDate "2023.07.31"]
[SourceQuality "1"]

1. d4 c5 2. d5 Nf6 3. c4 b5 4. cxb5 a6 5. e3 axb5 6. Bxb5 Qa5+ 7. Nc3 Bb7 8. Bd2 Qb6 9. a4 Nxd5 10. Nf3 e6 11. a5 Qc7 12. Nxd5 Bxd5 13. 0-0 Qb7 14. Qe2 Bxf3 15. Qxf3 Qxf3 16. gxf3 Be7 17. Bc3 0-0 18. a6 Nc6 19. Rfd1 Rfd8 20. Rxd7 Rxd7 21. Bxc6 Rda7 22. Bxa8 Rxa8 23. a7 Bf6 24. Bxf6 gxf6 25. Kf1 Kf8 26. Ke2 Ke7 27. Kd3 Kd6 28. Kc4 Kc6 29. Ra6+ Kb7 30. Kb5 h5 31. Rb6+ Kc7 32. Ka6 c4 33. Rb7+ Kc8 34. Rxf7 c3 35. Rf8+ Kd7 36. Rxa8 c2 37. Rc8 Kxc8 38. a8Q+ Kd7 39. Qb7+ Kd8 40. Qb6+ Kd7 41. Qb5+ Kd6 42. Qb4+ Kd7 43. Qc3 c1Q 44. Qxc1 Kd6 45. Kb5 1-0

[Event "Titled Tuesday intern op 30th May Early"]
[Site "Chess.com INT"]
[Date "2023.05.30"]
[Round "4"]
[White "Trifan, Andrei Ioan"]
[Black "Flis, Pawel"]
[Result "1-0"]
[WhiteElo "2300"]
[BlackElo "1879"]
[PlyCount "81"]
[EventDate "2023.05.30"]
[EventType "swiss (blitz)"]
[EventRounds "11"]
[EventCountry "USA"]
[SourceTitle "CBM 214 Extra"]
[Source "ChessBase"]
[SourceDate "2023.07.31"]
[SourceVersion "1"]
[SourceVersionDate "2023.07.31"]
[SourceQuality "1"]

1. e4 c5 2. Nf3 d6 3. c4 Nf6 4. Nc3 Nc6 5. Be2 g6 6. 0-0 Bg7 7. d4 cxd4 8. Nxd4 0-0 9. Be3 Bd7 10. Rc1 Nxd4 11. Bxd4 Bc6 12. f3 Nd7 13. Bxg7 Kxg7 14. Qd4+ Kg8 15. Rfd1 a5 16. Nd5 Bxd5 17. cxd5 Rc8 18. Bb5 Nc5 19. a3 Nb3 20. Rxc8 Qxc8 21. Qc4 Qc5+ 22. Qxc5 Nxc5 23. b4 axb4 24. axb4 Na6 25. Rc1 Nxb4 26. Rc7 Ra8 27. Rxe7 Ra1+ 28. Kf2 Ra2+ 29. Kg3 Nc2 30. Rxb7 Ne3 31. Kf4 Nxg2+ 32. Kg5 Kg7 33. Be8 h6+ 34. Kg4 h5+ 35. Kg3 Ne3 36. Rxf7+ Kh6 37. Rf6 Nf1+ 38. Kf4 Ra8 39. Bxg6 Kg7 40. Rxd6 Rf8+ 41. Bf5 1-0

[Event "Titled Tuesday intern op 16th May Early"]
[Site "Chess.com INT"]
[Date "2023.05.16"]
[Round "7"]
[White "Flis, Pawel"]
[Black "Korol, Dimitry"]
[Result "1-0"]
[WhiteElo "1879"]
[BlackElo "2287"]
[PlyCount "55"]
[EventDate "2023.05.16"]
[EventType "swiss (blitz)"]
[EventRounds "11"]
[EventCountry "USA"]
[SourceTitle "CBM 214 Extra"]
[Source "ChessBase"]
[SourceDate "2023.07.31"]
[SourceVersion "1"]
[SourceVersionDate "2023.07.31"]
[SourceQuality "1"]

1. e4 c5 2. Nf3 d6 3. d4 cxd4 4. Nxd4 Nf6 5. Nc3 g6 6. Be3 Bg7 7. f3 0-0 8. Qd2 Nc6 9. Bc4 Bd7 10. 0-0-0 Qa5 11. Kb1 Rfc8 12. Bb3 Ne5 13. h4 b5 14. h5 Nc4 15. Bxc4 bxc4 16. hxg6 fxg6 17. Bh6 Bh8 18. g4 Rab8 19. Ka1 Qb4 20. Qc1 Rc5 21. Nde2 Ra5 22. Nd4 Ra6 23. Rd2 Qa5 24. Nde2 Bxg4 25. fxg4 Nxe4 26. Rd5 Nc5 27. Nd4 Bxd4 28. Rxd4 1-0

[Event "Titled Tuesday intern op 16th May Early"]
[Site "Chess.com INT"]
[Date "2023.05.16"]
[Round "9"]
[White "Flis, Pawel"]
[Black "Smith, Shreyas"]
[Result "0-1"]
[WhiteElo "1879"]
[BlackElo "2247"]
[PlyCount "86"]
[EventDate "2023.05.16"]
[EventType "swiss (blitz)"]
[EventRounds "11"]
[EventCountry "USA"]
[SourceTitle "CBM 214 Extra"]
[Source "ChessBase"]
[SourceDate "2023.07.31"]
[SourceVersion "1"]
[SourceVersionDate "2023.07.31"]
[SourceQuality "1"]

1. e4 c5 2. Nf3 Nc6 3. d4 cxd4 4. Nxd4 e5 5. Nb5 d6 6. c4 Be7 7. Be2 Nf6 8. N1c3 a6 9. Na3 0-0 10. 0-0 Nd4 11. Nc2 Nxe2+ 12. Qxe2 Be6 13. Ne3 Rc8 14. Ned5 Nd7 15. Be3 Bg5 16. Rad1 Bxe3 17. Nxe3 Nf6 18. Ned5 Nxd5 19. Nxd5 f5 20. b3 f4 21. f3 g5 22. Qf2 Rc5 23. Nb4 Qe7 24. a4 g4 25. Rd2 Kh8 26. Rfd1 gxf3 27. Qxf3 Qh4 28. Qf2 Qg5 29. Rxd6 Rc7 30. Rxe6 Rg7 31. Rd5 f3 32. g3 Qc1+ 33. Qf1 f2+ 34. Kg2 Qc3 35. Nd3 Qd2 36. Nxe5 Qe3 37. Rd7 Qxe4+ 38. Kh3 Qf5+ 39. Kg2 Qxe6 40. Rxg7 Kxg7 41. Nf3 Qe4 42. Qa1+ Kg6 43. Qc3 Rxf3 0-1